000 01085nam a2200229Ia 4500
001 L120-849
003 IT-CnALBA
008 170116s9999||||xx |||||||||||||| ||und||
040 _aIT-CnALBA
_cIT-CnALBA
041 _aITALIANO
100 _aTARANTINO GIUSEPPE
245 0 _aSAGGI FILOSOFICI.
250 _a1a ed.
260 _aNAPOLI
_bSTABILIMENTO TIPOGR. V. MORANO
_c1885 [1° Ed.: n.d.]
300 _a354 p.
500 _aTEORIA DELLA SENSAZIONE SECONDO RIEHL A. KANT E LA FILOSOFIA CONTEMPORANEA. KANT E SPENCER. SOSTANZA E ATTRIBUTO NEL SISTEMA DI SPINOZA. PERCEZIONE IDEE. INCOSCIO E COSCIENZA. OSSERVAZIONE PSICO PATOLOGICA.
501 _aSocietà San Paolo EM - Piazza San Paolo, 14 - 12051 ALBA (CN) (non commercial uses only) ® Copyright 2017
520 _aTEORIA DELLA SENSAZIONE SECONDO RIEHL A. KANT E LA FILOSOFIA CONTEMPORANEA. KANT E SPENCER. SOSTANZA E ATTRIBUTO NEL SISTEMA DI SPINOZA. PERCEZIONE IDEE. INCOSCIO E COSCIENZA. OSSERVAZIONE PSICO PATOLOGICA.
650 _aGNOSEOLOGIA - CAUSALITÀ - FINE DELL'UOMO
942 _cBK
957 _71
999 _a946
_bSI
_g Copie: 1
_c260083
_d260083